| 000 | 00787nam a2200265 i 4500 | ||
|---|---|---|---|
| 001 | 15105 | ||
| 003 | ES-MaACL | ||
| 005 | 20250814090540.0 | ||
| 007 | t| | ||
| 008 | 991220s1999 sp |||| | spa d | ||
| 020 | _a84-339-0582-1 | ||
| 080 | _a791.43:82 | ||
| 080 | _a791.43(460) | ||
| 100 | 1 |
_aGubern, Román, _d1934- _960377 |
|
| 245 | 1 | 0 |
_aProyector de luna _b: la generación del 27 y el cine / _cRomán Gubern. |
| 260 |
_aBarcelona : _bAnagrama, _c[1999] |
||
| 300 |
_a505 p. ; _c22 cm. |
||
| 490 | 1 |
_aArgumentos ; _v231 |
|
| 650 | 7 |
_aCine y literatura _2embne _911036 |
|
| 650 | 4 |
_aCine- _zEspaña. _911025 |
|
| 650 |
_aGeneración del 27 (Literatura) _913050 |
||
| 830 | 1 |
_aArgumentos ; _v231 _9178418 |
|
| 852 |
_aES-MaACL _jL-22449 |
||
| 999 |
_c15105 _d15105 |
||